Teams Beaten by ITALY When Winning the FIFA World Cup - Statistics

General Stats
  • This quiz has been taken 63 times
  • The average score is 14 of 18
Answer Stats
FIFA World
Cup Year
Stage Answer % Correct
2006 Semi-finals Germany
98%
1982 Second Group Stage Argentina
95%
1938 Semi-finals Brazil
95%
1982 Second Group Stage Brazil
95%
1938 Quarter-finals France
95%
2006 Final France
95%
1934 Round of 16 United States
87%
1934 Quarter-finals Spain
85%
1982 Semi-finals Poland
80%
1938 Final Hungary
78%
2006 Round of 16 Australia
76%
2006 Group Stage Ghana
76%
1982 Final West Germany
71%
1934 Final Czechoslovakia
69%
2006 Quarter-finals Ukraine
69%
1934 Semi-finals Austria
67%
2006 Group Stage Czech Republic
64%
1938 Round of 16 Norway
51%
No matching quizzes found
Score Distribution
Percent of People with Each Score
Percentile by Number Answered
Your Score History
You have not taken this quiz